Perspektívy rozširovania Európskej menovej únie bakalárska práca

Enregistré dans:
Détails bibliographiques
Auteur principal: Pátrovičová, Paula
Collectivité auteur: Fakulta medzinárodných vzťahov EU. Katedra medzinárodných ekonomických vzťahov a hospodárskej diplomacie
Autres auteurs: Zagoršeková, Natália, 1991-
Format: Livre
Langue:slovaque
Publié: Bratislava 2025
Tags: Ajouter un tag
Pas de tags, Soyez le premier à ajouter un tag!

MARC

LEADER 00000nbm a2200000 4500
001 0309680
005 20260326111858.9
041 0 |a slo 
044 |a SK 
245 1 0 |a Perspektívy rozširovania Európskej menovej únie  |b bakalárska práca  |c Paula Pátrovičová ; školiteľ: Natália Zagoršeková 
264 1 |a Bratislava  |c 2025 
300 |a 52 s. 
100 1 |a Pátrovičová, Paula 
700 1 |a Zagoršeková, Natália, 1991- 
710 2 |a Fakulta medzinárodných vzťahov EU. Katedra medzinárodných ekonomických vzťahov a hospodárskej diplomacie